Hauptstadt vom nächsten Land - Statistiken

Allgemein
  • Dieses Quiz wurde 562 mal gespielt
  • Das Durchschnittsergebnis liegt bei 13 aus 15
Antwortstatistiken
Land Hauptstadt % Korrekt
Spanien Paris
100%
Frankreich London
97%
Kroatien Tokio
95%
Algerien Washington D. C.
92%
China Warschau
92%
Australien Madrid
89%
Ägypten Stockholm
89%
Aserbaidschan Peking
88%
Vereinigtes Königreich Zagreb
88%
Vereinigte Staaten von Amerika Kairo
87%
Schweden Canberra
84%
Japan Ottawa
82%
Kanada Vaduz
79%
Polen Algier
67%
Liechtenstein Baku
64%
Keine übereinstimmenden Quizze gefunden
Verteilung der Resultate
Anzahl Personen mit jedem Resultat
Perzentil nach korrekt beantworteten Fragen
Ihre Resultats-Entwicklung
Sie haben dieses Quiz noch nicht gespielt